书目信息 |
| 题名: |
柴油载货汽车故障诊断与检修实例
|
|
| 作者: | 刘文举 主编 | |
| 分册: | ||
| 出版信息: | 北京 金盾出版社 2016.01 |
|
| 页数: | 451页 | |
| 开本: | 26cm | |
| 丛书名: | ||
| 单 册: | ||
| 中图分类: | U469.740.7 | |
| 科图分类: | ||
| 主题词: | 汽车工程 | |
| 电子资源: | ||
| ISBN: | 7-5186-0481-7 | |
| 000 | 00607nam0 2200193 450 | |
| 001 | 83 | |
| 005 | 20160906091528.56 | |
| 010 | @a7-5186-0481-7@dCNY93.00 | |
| 100 | @a20160720d2016 km y0chiy0120 ea | |
| 101 | 0 | @achi |
| 102 | @aCN@b110000 | |
| 200 | 1 | @a柴油载货汽车故障诊断与检修实例@Achai you zai huo qi che gu zhang zhen duan yu jian xiu shi li@f刘文举主编@Fliu wen ju zhu bian |
| 210 | @a北京@c金盾出版社@d2016.01 | |
| 215 | @a451页@d26cm | |
| 606 | 0 | @a汽车工程 |
| 690 | @aU469.740.7@v4 | |
| 701 | 0 | @a刘文举@Aliu wen ju@4主编 |
| 801 | 0 | @aCN@b唐山师范学院图书馆@c20160720 |
| 905 | @aZUCC@dU469.740.7@e287 | |
| 柴油载货汽车故障诊断与检修实例/刘文举主编.-北京:金盾出版社,2016.01 |
| 451页;26cm |
| ISBN 7-5186-0481-7:CNY93.00 |
| ● |
| 相关链接 |
|
|
|
|
正题名:柴油载货汽车故障诊断与检修实例
索取号:U469.740.7/287
 
预约/预借
| 序号 | 登录号 | 条形码 | 馆藏地/架位号 | 状态 | 备注 |
| 1 | 900342 | 209003424 | 第二样本阅览室/ [索取号:U469.740.7/287] | 在馆 | |
| 2 | 900343 | 209003433 | 第三借阅区/ [索取号:U469.740.7/287] | 在馆 | |
| 3 | 900344 | 209003442 | 密集书库-物理学院/ [索取号:U469.740.7/287] | 在馆 | |
| 4 | 900345 | 209003451 | 第三借阅区/ [索取号:U469.740.7/287] | 在馆 | |
| 5 | 900346 | 209003460 | 第三借阅区/ [索取号:U469.740.7/287] | 在馆 |